| 000 | 00341nam a22001217a 4500 | ||
|---|---|---|---|
| 082 | _aTHE 200 | ||
| 100 |
_aAnees Akbar _972820 |
||
| 245 | _aTH-SOF-0777-IDENTIFICATION OF KEY EXTRINSIC MOTIVATIONAL FACTORS | ||
| 260 |
_aNUST COLLEGE OF EME _bISLAMABAD _c2001 |
||
| 650 | _a MS-EM-3 MSTHESIS | ||
| 700 |
_aDr Nawar Khan _918465 |
||
| 942 | _cCF | ||
| 999 |
_c578800 _d578800 |
||